Casablanca - Choix multiples - Statistiques

Statistiques générales
  • Ce quiz a été pris 3 286 fois
  • Le résultat moyen est 8 sur 10
Statistiques - réponses
Question Réponse % Correct
Quelle est la signification du nom "Casablanca"? Maison blanche
96%
Dans quelle région du monde se trouve Casablanca ? Le Maghreb
94%
Quel roi a donné son nom à l'aéroport et au plus grand stade de Casablanca ? Mohammed V
82%
Quel groupe ethnique, également connu sous le nom d'Amazigh, représente près d'un tiers de la population de Casablanca ? Berbères
80%
Que co-organisera la ville de Casablanca en 2030 ? La Coupe du monde de la FIFA
80%
Quel était le nom de la ville avant qu'elle ne soit détruite par un tremblement de terre en 1755 ? Anfa
76%
Où se trouve Casablanca au Maroc ?
74%
Sur laquelle de ces images se trouve la mosquée Hassan II ?
69%
Quelle puissance coloniale a pris le contrôle de Casablanca en 1912, transformant cette petite ville en métropole ? France
66%
Qui était la vedette du film « Casablanca » sorti en 1942 ? Humphrey Bogart
38%
Aucun quiz correspondant
Distribution des résultats
% des personnes avec chaque résultat
Percentile par nombre de réponses
Votre historique - résultats
Vous n’avez pas pris ce quiz